000 00361nam a2200133Ia 4500
005 20260328101441.0
008 260328s9999||||xx |||||||||||||| ||und||
100 _aChing, Francis D.K.
245 0 _aArquitectura :
_b Forma, Espacio y orden /
_cFrancis D.K. Ching
260 _bGustavo Gili
300 _a398 p.
650 _aARQUITECTURA - ELEMENTOS
942 _cBK
999 _c8271
_d8271